| 000 | 01498nam a2200373 i 4500 | ||
|---|---|---|---|
| 001 | 000035647 | ||
| 003 | DO-SdBNP | ||
| 005 | 20260309132120.0 | ||
| 007 | ta | ||
| 008 | 111107s2011 dr 000 0 spa d | ||
| 020 | _a9789993446132 | ||
| 040 |
_aDO-SdBNP _bspa _cBNPHU _erda |
||
| 041 | _arda | ||
| 082 | 4 |
_a972.93054 _bB171d _222 |
|
| 100 | 1 |
_aBalaguer, Joaquín, _d1906-2002 _eautor _4aut. _961561 |
|
| 245 | 1 | 0 |
_aJoaquín Balaguer : _bdel exilio a la presidencia, documentos y entrevistas 1961-1966 / _ccuidado de la edición, José Enrique García. |
| 264 | 1 |
_aSanto Domingo : _bFundación Joaquín Balaguer, _c2011. |
|
| 300 |
_a453 páginas : _bilustraciones, retratos ; _c23 cm. |
||
| 336 |
_atexto _btxt _2rdacontent |
||
| 337 |
_asin mediación _bn _2rdamedia |
||
| 338 |
_avolumen _bnc _2rdacarrier |
||
| 500 | _aIncluye índice | ||
| 500 | _aIncluye referencias bibliográficas y notas al pie de las páginas | ||
| 504 | _aBibliografía : páginas 437 | ||
| 590 | _aInventariado, 2019/MFF | ||
| 600 | 1 | 0 |
_a Balaguer, Joaquín, _d1906-2002 _xExilio _976556 |
| 600 | 1 | 0 |
_a Balaguer, Joaquín, _d1906-2002 _xAmigos y asociados _vEntrevistas _976556 |
| 650 | 4 |
_aPartidos polítcos _zRepública Dominicana _xHistoria _vFuentes _981320 |
|
| 651 | 4 |
_aRepública Dominicana _xPolítica y gobierno _y1961- _961562 |
|
| 700 | 1 |
_aGarcía, José Enrique, _eeditor _4ed. _922487 |
|
| 710 | 2 |
_aFundación Joaquín Balaguer _9436 |
|
| 910 | _aValidado. Control de calidad MFF | ||
| 942 |
_2ddc _cLBS1 |
||
| 999 |
_c35138 _d35138 |
||